| 000 | 00574cam a22002052 4500 | ||
|---|---|---|---|
| 001 | 0000001310 | ||
| 005 | 20151217155808.0 | ||
| 008 | 070302s xx 000 0 eng d | ||
| 040 |
_aKABU _cKABU |
||
| 050 | 0 |
_aHB171.5 _b.K56 |
|
| 100 | 1 |
_aKingsbury, O. A. _@0000149949 |
|
| 245 | 1 | 0 | _aEconomics for East Africa. |
| 260 |
_aNairobi : _bEALB, _c1959. |
||
| 300 | _a146 p. | ||
| 650 | 0 |
_aEconomics. _@0000148279 |
|
| 651 | 0 |
_aAfrica, East _xEconomic conditions. _@0000149950 |
|
| 908 | _a070302 | ||
| 950 | _@1 | ||
| 999 |
_c12528 _d12528 |
||